000 00658nab a2200217 a 4500
001 61425
003 133600
005 20201118105825.0
008 ||||||n9999 ||| || ||
041 _aspa
245 0 _aEl aprendizaje a distancia :
_bla educacion para el mundo pp.7-8
260 _aEstados Unidos :
_bAgencia de los Estados Unidos para el Desarrollo Internacional-USAID,
_c1998.
562 _e0
650 _aANALISIS DE TENDENCIA
650 _aCONCEPTOS
650 _aCONTEXTO INTERNACIONAL
650 _aINNOVACIONES TECNOLÓGICAS
650 _aSISTEMAS DE ENSENANZA
773 _060555
_aCiudades Internacionales :
942 _cSART
999 _c61425
_d61425